000 00515nam a22001697a 4500
005 20251108165252.0
008 250721s9999 xx 000 0 ara d
082 1 4 _a332.53/احم
100 1 _aأحمد، عبد الفضيل محمد
245 1 0 _aبورصات الأوراق المالية /
264 1 _aالمنصورة :
_bمكتبة الجلاء الجديدة،
_c[19-].
300 _a225ص
650 1 7 _aالأوراق المالية
650 1 7 _aالبورصة
942 _2ddc
_cBK
999 _c23711
_d23711